Flagi województw - nagła śmierć - Statystyki

Ogólne statystyki
  • Ten quiz został rozwiązany 1 052 razy
    1 009 od ostatniego zresetowania
  • Średni wynik to 5 z 16
Answers on the Grid
Answers color-coded by a green-red scale on the quiz's grid according to % correct below.
 
Statystyki odpowiedzi
Odpowiedź % Poprawnych
dolnośląskie
48%
lubelskie
43%
pomorskie
43%
mazowieckie
40%
podlaskie
37%
świętokrzyskie
33%
opolskie
31%
kujawsko-pomorskie
28%
małopolskie
28%
śląskie
28%
łódzkie
27%
podkarpackie
26%
wielkopolskie
25%
zachodnio-pomorskie
25%
lubuskie
24%
warmińsko-mazurskie
24%
Nie znaleziono quizów pasujących do podanych kryteriów
Rozkład punktacji
Procent ludzi z każdym wynikiem
Percentyl według liczby udzielonych odpowiedzi
Twoja historia wyników
Nie rozwiązałeś tego quizu od ostatniego zresetowania